Central Library OPAC University of Rajshahi

Cost accounting : (Record no. 20209)

MARC details
000 -LEADER
fixed length control field 00988cam a22003134a 4500
001 - CONTROL NUMBER
control field 20209
003 - CONTROL NUMBER IDENTIFIER
rucl marc code BD-RjUL
005 - DATE AND TIME OF LATEST TRANSACTION
control field 20211209000532.0
008 - FIXED-LENGTH DATA ELEMENTS--GENERAL INFORMATION
fixed length control field 091130s2011 ohua b 001 0 eng
020 ## - INTERNATIONAL STANDARD BOOK NUMBER
International Standard Book Number 9781439044612 (hbk.)
International Standard Book Number 1439044619 (hbk.)
International Standard Book Number 9780538798280 (looseleaf ed.)
International Standard Book Number 0538798289 (looseleaf ed.)
035 ## - SYSTEM CONTROL NUMBER
System control number (BD-RjUL)20271
040 ## - CATALOGING SOURCE
Original cataloging agency DLC
Transcribing agency DLC
Language of cataloging eng
Modifying agency BD-RjUL
041 ## - LANGUAGE CODE
Language code of text/sound track or separate title eng
082 ## - DEWEY DECIMAL CLASSIFICATION NUMBER
Edition number 19
Classification number 657.42
Author mark and year KIC 2011
100 1# - MAIN ENTRY--PERSONAL NAME
Personal name Kinney, Michael R.
9 (RLIN) 62288
245 10 - TITLE STATEMENT
Title Cost accounting :
Remainder of title foundations and evolutions /
Statement of responsibility, etc. Michael R. Kinney, Cecily A. Raiborn.
250 ## - EDITION STATEMENT
Edition statement 8th ed.
260 ## - PUBLICATION, DISTRIBUTION, ETC. (IMPRINT)
Place of publication, distribution, etc. Mason, Ohio :
Name of publisher, distributor, etc. South-Western Cengage Learning,
Date of publication, distribution, etc. c2011.
300 ## - PHYSICAL DESCRIPTION
Pagination xviii, 893 p. :
Illustrations ill. ;
Size 29 cm.
504 ## - BIBLIOGRAPHY, ETC. NOTE
Bibliography, etc Includes bibliographical references and indexes.
650 #0 - SUBJECT ADDED ENTRY--TOPICAL TERM
Topical term or geographic name as entry element Cost accounting.
9 (RLIN) 62289
700 1# - ADDED ENTRY--PERSONAL NAME
Personal name Raiborn, Cecily A.
942 ## - ADDED ENTRY ELEMENTS (KOHA)
Source of classification or shelving scheme Dewey Decimal Classification
Koha item type Books
Holdings
Lost status Source of classification or shelving scheme Damaged status Not for loan Collection code Permanent Location Current Location Shelving location Date acquired Source of acquisition Cost, normal purchase price Total Checkouts Full call number Date last seen Copy number Koha item type
  Dewey Decimal Classification   Not For Loan Non-fiction Central Library, University of Rajshahi Central Library, University of Rajshahi Reading Room 19/02/2013 Trim Education 11775.00   657.4 KIC 2011 27/02/2014 C-1 Books